Statistics for Guess the Taylor Swift song with no hints ~2

Click here to take the quiz!

General Stats

  • This quiz has been taken 354 times
  • The average score is 236 of 306

Answer Stats

Answer% Correct
a
99%
I
99%
you
98%
You
98%
you?
98%
The
97%
the
97%
and
95%
And
95%
me
95%
We
95%
we
95%
it
94%
your
94%
in
93%
In
93%
to
93%
love
92%
my
92%
this
92%
go
91%
is
91%
You're
91%
you're
91%
were
90%
we're
90%
when
90%
do
88%
for
88%
I'm
88%
that
87%
it's
86%
like
86%
can
85%
They
85%
so
84%
if
83%
not
82%
just
81%
all
80%
can't
80%
I'd
79%
say
79%
with
79%
by
78%
But
77%
said
77%
us
76%
there
75%
could
74%
how
74%
know
73%
think
73%
get
72%
talk
71%
false
69%
god
69%
Still
69%
still
69%
away
67%
babe
67%
up
66%
Even
65%
New
65%
about
64%
good
64%
out
64%
might
63%
die
62%
We'd
62%
City
61%
thing
61%
times
61%
Crazy
60%
crazy
60%
York
60%
Remember
59%
worship
59%
blind
58%
hips
58%
lips
58%
favorite
57%
Got
57%
work
57%
hell
56%
lost
56%
faith
55%
town
55%
altar
54%
Make
54%
Staring
54%
stupid
54%
gets
53%
Religion's
53%
road
53%
warned
53%
fight
52%
hard
51%
jump
51%
touch
51%
window
51%
led
50%
Village
50%
West
50%
heaven's
49%
Honey
49%
leave
49%
ocean
49%
try
46%
patch
44%
scare
43%
wine
42%
separating
41%
begging
40%
Daring
40%
fly
39%
forgiveness
38%
confessions
37%

Score Distribution

Percentile by Number Answered

Percent of People with Each Score

Your Score History

You have not taken this quiz